00990cmm a22003737a 450000100060000000300090000600500170001500700070003200800410003901000170008001700090009702000060010602400060011203500060011804000220012404200060014605000060015224500460015824600060020426000430021030000300025350000280028350000060031150500420031752000060035952100140036553800060037971000330038594200120041894500280043095201050045895600380056399900150060112510DO-SdBNP20180226104919.0 12510010822s 1994 cau bq m eng d a 2001561839 a b  a 1 a  a  aBPMSUcspadBPMSU a 00a 00aMath blaster :bsecret of the lost city /30a  aTorrance, CA :bDavidson, a1994b c  a28 p. : bil. ; c25 cm.  a Versión ages 8 to 13 a  gEpisode 2- tSecret of the lost city  a  aAges 8-13 a  5The Davidson Company Charter 2ddccBK aInventariado, 2018 / BT 00102ddc40708CI-GaBPMETbBPMETd2016-04-19eFUNDIl0pBPMSU16040545r2016-04-19w2016-04-19yBK 2VMATEO3106201604198BPMSUa0069 c9838d9838